Rozpoznaj państwo po krótkim opisie. - Statystyki

Ogólne statystyki
  • Ten quiz został rozwiązany 81 razy
  • Średni wynik to 13 z 15
Statystyki odpowiedzi
Opis Państwo % Poprawnych
To państwo jest podzielone na 26 stanów. Jego językiem urzędowym jest Portugalski. Jedno z największych państw na świecie. Brazylia
99%
To państwo posiada najstarszą flagę na świecie. Należy do niego Grenlandia czy Wyspy Owcze. Dania
99%
Kraj ten znajduję się miedzy Rosją a Chinami. Najrzadziej zaludnione państwo świata. Jego stolicą jest Ułan-Bator. Mongolia
97%
Jedno z największych państw w Ameryce Południowej. Jego najdłuższa granica (z Chile) wynosi ok 6 700 km. To państwo razem z Wielka Brytanią rości sobie prawa o Falklandy. Argentyna
96%
Państwo nieuznawane w Europie. Nie uznaje go Serbia, która uważa, że to państwo jest integralną częścią ich kraju. Kosowo
94%
To państwo było gospodarzem letnich igrzysk olimpijskich w 2000 roku. W tym kraju żyją największe pająki na świecie. Australia
91%
Państwo w Europie zaliczane do krajów Bałtyckich, jednak chcące być też zaliczane do krajów Nordyckich. Estonia
91%
Dawniej to państwo nosiło nazwę Cejlon. Jego stolicą jest Sri Dźajawardanapura Kotte. Sri Lanka
88%
To państwo jest najbardziej zbombardowanym krajem świata. Graniczy z Tajlandią, Kambodżą, Wietnamem, Mjanmą i Chinami. Jego stolicą jest Wientian Laos
85%
Jest to ostatnie państwo, które dołączyło do NATO. Posiada powierzchnie ok 333 tyś km2. W tym kraju leży popularne miasto Rovaniemi. Finlandia
84%
Jedno z najbardziej zaludnionych państw świata. Posiada ono 17 508 wysp. Najsłynniejszą wyspą tego kraju jest Bali. Indonezja
82%
Dawniej to państwo nosiło nazwę Zair. Jest to dawna kolonia Belgijska i drugie największe państwo w Afryce. Demokratyczna Republika Konga
81%
Kraj ten stracił sporą część swojego terytorium w 2011 roku. Jego stolicą jest Chartum. Sudan
81%
Dawniej to państwo nosiło nazwę Birma. Walutą tego państwa jest kyat. Jego stolica jest nazywana "stolicą widmo". Mjanma
75%
Nazwa tego państwa w innym języku oznacza "równik". Do tego kraju należą wyspy Galapagos Ekwador
69%
Nie znaleziono quizów pasujących do podanych kryteriów
Rozkład punktacji
Procent ludzi z każdym wynikiem
Percentyl według liczby udzielonych odpowiedzi
Twoja historia wyników
Nie rozwiązałeś tego quizu